| 000 | 00649cab a2200229 4500 | ||
|---|---|---|---|
| 001 | WB3308-16 | ||
| 008 | 090401t1997 xxu||||| |||| 00| 0 eng d | ||
| 035 | _a(Sirsi) u55500 | ||
| 041 | _aeng | ||
| 245 | _aBlair proposes curbs on gazumping | ||
| 260 | _c1997 | ||
| 350 | _a0 | ||
| 490 |
_aTimes _v20 February 1997, 13(1) |
||
| 520 | _aThe Labour Party is to propose plans to penalise homeowners who pull out of a sale after receiving a better offer for their property. | ||
| 650 | _aESTATE AGENTS | ||
| 650 | _aGAZUMPING | ||
| 650 | _aHOUSE SALES | ||
| 650 | _aLABOUR PARTY | ||
| 690 | _aHOUSING | ||
| 942 | _n0 | ||
| 948 | _c04/03/1997 | ||
| 999 |
_c33911 _d33911 |
||